书目信息 |
| 题名: |
建筑水彩表现技法
|
|
| 作者: | 周宏智 著/绘 | |
| 分册: | ||
| 出版信息: | 北京 清华大学出版社 2009 |
|
| 页数: | 112页, [8] 叶图版 | |
| 开本: | 29cm | |
| 丛书名: | 清华大学广义建筑学系列教材 | |
| 单 册: | ||
| 中图分类: | TU204 | |
| 科图分类: | ||
| 主题词: | 建筑艺术--jian zhu yi shu--水彩画--技法(美术)--高等学校--教材 | |
| 电子资源: | ||
| ISBN: | 978-7-302-21043-6 | |
| 000 | 01010nam 2200253 450 | |
| 001 | 0100001677 | |
| 005 | 20140617151916.62 | |
| 010 | @a978-7-302-21043-6@dCNY50.00 | |
| 100 | @a20091012d2009 em y0chiy50 ea | |
| 101 | 0 | @achi |
| 102 | @aCN@b110000 | |
| 105 | @aaf z 000yy | |
| 200 | 1 | @a建筑水彩表现技法@Ajian zhu shui cai biao xian ji fa@f周宏智著/绘 |
| 210 | @a北京@c清华大学出版社@d2009 | |
| 215 | @a112页, [8] 叶图版@c图 (部分彩图)@d29cm | |
| 225 | 2 | @a清华大学广义建筑学系列教材@Aqing hua da xue guang yi jian zhu xue xi lie jiao cai |
| 300 | @a普通高等教育“十一五”国家级规划教材 | |
| 330 | @a本书详细介绍了水彩画的基本知识及表现技法,其中包括:水彩画基础、静物写生练习、树木写生练习、色调练习、建筑写生练习、作品分析、水彩画作品欣赏。 | |
| 410 | 0 | @12001 @a清华大学广义建筑学系列教材 |
| 606 | 0 | @a建筑艺术@Ajian zhu yi shu@x水彩画@x技法(美术)@x高等学校@j教材 |
| 690 | @aTU204@v4 | |
| 701 | 0 | @a周宏智@Azhou hong zhi@4著/绘 |
| 801 | 0 | @aCN@c20100602 |
| 905 | @b21002603-05@dTU204@eZ760 | |
| 建筑水彩表现技法/周宏智著/绘.-北京:清华大学出版社,2009 |
| 112页, [8] 叶图版:图 (部分彩图);29cm.-(清华大学广义建筑学系列教材) |
| 普通高等教育“十一五”国家级规划教材 |
| ISBN 978-7-302-21043-6:CNY50.00 |
| 本书详细介绍了水彩画的基本知识及表现技法,其中包括:水彩画基础、静物写生练习、树木写生练习、色调练习、建筑写生练习、作品分析、水彩画作品欣赏。 |
| ● |
| 相关链接 |
|
|
|
正题名:建筑水彩表现技法
索取号:TU204/Z760
 
预约/预借
| 序号 | 登录号 | 条形码 | 馆藏地/架位号 | 状态 | 备注 |
| 1 | 1002603 | 210026032 | 建筑库101/101建筑库 109排6列3层/ [索取号:TU204/Z760] | 在馆 | |
| 2 | 1002604 | 210026041 | 建筑库101/101建筑库 109排6列3层/ [索取号:TU204/Z760] | 在馆 | |
| 3 | 1002605 | 210026050 | 建筑库101/ [索取号:TU204/Z760] | 在馆 | |
| 4 | 494110 | 204941108 | 建筑库101/101建筑库 109排6列3层/ [索取号:TU204/Z760] | 在馆 |